| 000 | 00786nam a22002177a 4500 | ||
|---|---|---|---|
| 005 | 20170524114722.0 | ||
| 010 | _aBAC-EN21 ENG-118370 | ||
| 020 |
_a9788121612579 _c275.00 |
||
| 035 | _aB-582686-714 | ||
| 035 | _aB-664728 EN-101902 | ||
| 037 |
_adpl _bDBAD/PUB |
||
| 082 | _a840 | ||
| 100 | _aSalil, Kuldip | ||
| 245 |
_aGreat Urdu Ghazals/ _cby Kuldip Salil |
||
| 260 |
_aNew Delhi _bHind Pocket Books _c2013 |
||
| 270 |
_aJ-40, Jorbagh Lane, _bNew Delhi _e110003 |
||
| 300 |
_a247p. _c21cm(pbk) |
||
| 942 |
_2ddc _cEN _h840 _mSAL |
||
| 999 |
_c89454 _d89454 |
||